[Event "World Championship (rapid) 2015"]
[Site "Berlin GER"]
[Date "2015.10.11"]
[Round "8"]
[White "Mamedov, Rauf"]
[Black "Anand, Viswanathan"]
[Result "1-0"]
[WhiteElo "2657"]
[BlackElo "2803"]
[PlyCount "75"]
[EventDate "2015.10.10"]

1. e4 c5 2. Nf3 d6 3. Bb5+ Nd7 4. O-O a6 5. Bd3 Ngf6 6. Re1 b5 7. c4 g5 8. cxb5
g4 9. e5 dxe5 10. Ng5 e6 11. Nc3 h5 12. Qe2 Nd5 13. Nxe6 fxe6 14. Bg6+ Ke7 15.
d4 Bh6 16. Nxd5+ exd5 17. dxc5 Kf6 18. Bc2 Qe7 19. c6 Bxc1 20. cxd7 Bxb2 21.
dxc8=Q Raxc8 22. Rab1 Bd4 23. bxa6 Qc5 24. Bb3 Rhf8 25. Kh1 Rc7 26. Qd2 Kg6 27.
Rec1 Bc3 28. Qxd5 Qd4 29. Rc2 Rd8 30. Qe6+ Kg5 31. Rcc1 Rd6 32. Qg8+ Rg6 33.
Qb8 Rgg7 34. Rd1 Qa7 35. Qd8+ Rce7 36. Qd3 Rc7 37. Bc2 Qxf2 38. Rf1 1-0

[Event "World Championship (rapid) 2015"]
[Site "Berlin GER"]
[Date "2015.10.11"]
[Round "8"]
[White "Dominguez Perez, Leinier"]
[Black "Meier, Georg"]
[Result "1/2-1/2"]
[WhiteElo "2732"]
[BlackElo "2654"]
[PlyCount "188"]
[EventDate "2015.10.10"]

1. e4 e6 2. d4 d5 3. Nd2 c5 4. Ngf3 cxd4 5. Nxd4 Nf6 6. exd5 Qxd5 7. Nb5 Na6 8.
Nc3 Qd6 9. Bc4 Be7 10. O-O O-O 11. a3 Bd7 12. Qe2 Rad8 13. Nf3 Nc5 14. Be3 a6
15. Rad1 Qc7 16. Bd4 b5 17. Ba2 Bc6 18. Ne5 Bb7 19. Rfe1 Nce4 20. Nxe4 Bxe4 21.
Nxf7 Rxf7 22. Bxf6 Rxd1 23. Rxd1 Qxc2 24. Bxe7 Rxe7 25. Qxc2 Bxc2 26. Rd6 Bf5
27. Rxa6 Rc7 28. h3 Rc1+ 29. Kh2 Rc2 30. Bxe6+ Bxe6 31. Rxe6 Rxb2 32. Kg3 Kf7
33. Rb6 Rb3+ 34. f3 Rxa3 35. Rxb5 Ra6 36. Kf4 Kf6 37. Kg4 g6 38. Rb7 h6 39. Rc7
h5+ 40. Kg3 Ra4 41. Rc6+ Kf5 42. Rc5+ Kf6 43. f4 Ra2 44. Re5 Rb2 45. Kf3 Rb3+
46. Re3 Rb4 47. Ra3 Rb6 48. Rc3 Ra6 49. Rb3 Rc6 50. Kg3 Rc2 51. Rb6+ Kf5 52.
Rb5+ Kf6 53. Re5 Rb2 54. Kf3 Rb3+ 55. Re3 Rb6 56. Rc3 Ra6 57. Rd3 Rc6 58. Ke4
Re6+ 59. Kf3 Rc6 60. g4 hxg4+ 61. hxg4 g5 62. f5 Ra6 63. Ke4 Rb6 64. Kd5 Rb1
65. Rd4 Ra1 66. Re4 Kf7 67. Rc4 Rg1 68. Ke5 Re1+ 69. Re4 Rd1 70. Rc4 Re1+ 71.
Kd5 Rg1 72. Ra4 Rg2 73. Re4 Kf6 74. Re6+ Kf7 75. Re4 Kf6 76. Re6+ Kf7 77. Ra6
Rg1 78. Ra7+ Kf6 79. Ra6+ Kf7 80. Ke4 Rxg4+ 81. Ke5 Rb4 82. Ra7+ Kf8 83. f6 g4
84. Ke6 Rb8 85. Rf7+ Kg8 86. Rg7+ Kf8 87. Rh7 Kg8 88. Rh4 Rb6+ 89. Kf5 g3 90.
Rg4+ Kf7 91. Rg7+ Kf8 92. Rxg3 Rb1 93. Kg6 Rf1 94. Rg4 Rf2 1/2-1/2

[Event "World Championship (rapid) 2015"]
[Site "Berlin GER"]
[Date "2015.10.11"]
[Round "8"]
[White "Ponkratov, Pavel"]
[Black "Leko, Peter"]
[Result "1-0"]
[WhiteElo "2604"]
[BlackElo "2707"]
[PlyCount "113"]
[EventDate "2015.10.10"]

1. c4 c5 2. Nf3 Nf6 3. Nc3 Nc6 4. g3 d5 5. cxd5 Nxd5 6. Bg2 g6 7. h4 Bg7 8. h5
Bf5 9. Nh4 Be6 10. Nf3 Bf5 11. Qa4 Ndb4 12. d3 Qa5 13. Qxa5 Nxa5 14. O-O gxh5
15. Bd2 Rc8 16. Rab1 Nbc6 17. Rfc1 b6 18. Nd5 Kd7 19. Nf4 Bg6 20. Ng5 e6 21. b3
Nb7 22. b4 Rhf8 23. a3 Rc7 24. Bh3 Nd4 25. e3 Nf5 26. bxc5 Rxc5 27. Rxc5 Nxc5
28. d4 Na6 29. d5 Nc7 30. Rd1 exd5 31. Bb4 Kc6 32. Rc1+ Kb7 33. Bxf8 Bxf8 34.
a4 Ba3 35. Rd1 Ne7 36. Nxg6 fxg6 37. Nxh7 b5 38. axb5 Nxb5 39. Rb1 Kc6 40. Nf6
a6 41. Ra1 Kb6 42. Nd7+ Kb7 43. Bf1 Bd6 44. Rc1 Nc6 45. Bd3 g5 46. Nf6 Nb4 47.
Be2 h4 48. gxh4 gxh4 49. Kg2 Be5 50. Nd7 Bd6 51. Nc5+ Kb6 52. Na4+ Kb7 53. Kh3
Be7 54. Rg1 Nc6 55. Rg7 Nc7 56. Nc3 Bb4 57. Nxd5 1-0

[Event "World Championship (rapid) 2015"]
[Site "Berlin GER"]
[Date "2015.10.11"]
[Round "8"]
[White "Vidit, Santosh Gujrathi"]
[Black "Bacrot, Etienne"]
[Result "0-1"]
[WhiteElo "2651"]
[BlackElo "2697"]
[PlyCount "90"]
[EventDate "2015.10.10"]

1. d4 Nf6 2. c4 e6 3. g3 c5 4. Nf3 cxd4 5. Nxd4 d5 6. Bg2 e5 7. Nb3 d4 8. O-O
Nc6 9. f4 e4 10. f5 a5 11. e3 g6 12. fxg6 hxg6 13. exd4 a4 14. Bg5 Be7 15. Nc5
Bg4 16. Qd2 Nxd4 17. Nxb7 Ne2+ 18. Qxe2 Bxe2 19. Nxd8 Bxf1 20. Nxf7 Kxf7 21.
Bxf1 Bc5+ 22. Kg2 Rab8 23. Nd2 Rxb2 24. Be2 Nh7 25. Rf1+ Kg7 26. Bf4 Re8 27.
Rb1 a3 28. Rxb2 axb2 29. Nb1 e3 30. Kf3 g5 31. Bc7 Nf6 32. Ba5 g4+ 33. Kg2 Bd4
34. Bb4 Kh6 35. a4 Kg5 36. a5 Ne4 37. Bd3 Nf2 38. Be2 Rb8 39. Bd6 Ra8 40. Bb4
Kf5 41. Be1 Ne4 42. Bd3 Ke5 43. Be2 Nd2 44. Bxd2 exd2 45. Nxd2 Rf8 0-1

[Event "World Championship (rapid) 2015"]
[Site "Berlin GER"]
[Date "2015.10.11"]
[Round "8"]
[White "Duda, Jan-Krzysztof"]
[Black "Wojtaszek, Radoslaw"]
[Result "0-1"]
[WhiteElo "2658"]
[BlackElo "2734"]
[PlyCount "72"]
[EventDate "2015.10.10"]

1. d4 Nf6 2. c4 e6 3. Nc3 Bb4 4. Nf3 d5 5. cxd5 exd5 6. Bg5 h6 7. Bh4 c5 8. e3
c4 9. Nd2 g5 10. Bg3 Nc6 11. Be2 Bf5 12. a3 Bxc3 13. bxc3 O-O 14. O-O b5 15. f3
Re8 16. Bf2 Bg6 17. Qc1 a5 18. Re1 b4 19. e4 dxe4 20. fxe4 bxc3 21. Qxc3 Bxe4
22. Nxc4 Ne7 23. Bf1 Ned5 24. Qh3 Kg7 25. Bg3 Nf4 26. Bxf4 gxf4 27. Rad1 Bc2
28. Rxe8 Qxe8 29. Rd2 Bg6 30. Qf3 Ne4 31. Re2 Rd8 32. Ne5 Rxd4 33. Nxg6 fxg6
34. Qxf4 Qe7 35. Rc2 Rd6 36. Rc1 Qa7+ 0-1

[Event "World Championship (rapid) 2015"]
[Site "Berlin GER"]
[Date "2015.10.11"]
[Round "8"]
[White "Matlakov, Maxim"]
[Black "Akopian, Vladimir"]
[Result "1/2-1/2"]
[WhiteElo "2689"]
[BlackElo "2648"]
[PlyCount "53"]
[EventDate "2015.10.10"]

1. Nf3 c5 2. c4 Nc6 3. d4 cxd4 4. Nxd4 Nf6 5. Nc3 e6 6. g3 Qb6 7. Ndb5 Ne5 8.
Bg2 a6 9. Qa4 Rb8 10. Na3 Be7 11. O-O O-O 12. Bf4 d6 13. Qb3 Qc7 14. c5 Qxc5
15. Be3 Qc7 16. Bb6 Qd7 17. Rfd1 d5 18. e4 Bxa3 19. bxa3 Qe7 20. exd5 exd5 21.
Nxd5 Nxd5 22. Qxd5 Bg4 23. f3 Qf6 24. fxg4 Qxb6+ 25. Qd4 Qxd4+ 26. Rxd4 b5 27.
a4 1/2-1/2

[Event "World Championship (rapid) 2015"]
[Site "Berlin GER"]
[Date "2015.10.11"]
[Round "8"]
[White "Vachier-Lagrave, Maxime"]
[Black "Vallejo Pons, Francisco"]
[Result "1-0"]
[WhiteElo "2758"]
[BlackElo "2684"]
[PlyCount "61"]
[EventDate "2015.10.10"]

1. e4 c5 2. Nf3 e6 3. d4 cxd4 4. Nxd4 a6 5. Bd3 Nf6 6. O-O Qc7 7. c4 Nc6 8. Be3
Bd6 9. Nxc6 dxc6 10. f4 e5 11. f5 Qe7 12. Kh1 Bc5 13. Qf3 h6 14. Nc3 Bxe3 15.
Qxe3 b5 16. c5 a5 17. a3 a4 18. Rad1 O-O 19. g4 Nd7 20. Rg1 g5 21. Bxb5 cxb5
22. Rd6 f6 23. Nd5 Qg7 24. c6 Nb8 25. Rc1 Ra6 26. Qc5 Kh8 27. Qxb5 Qa7 28. Rd8
Rxd8 29. c7 Rad6 30. cxb8=Q Qd4 31. Qc4 1-0

[Event "World Championship (rapid) 2015"]
[Site "Berlin GER"]
[Date "2015.10.11"]
[Round "8"]
[White "Bartel, Mateusz"]
[Black "Grischuk, Alexander"]
[Result "1/2-1/2"]
[WhiteElo "2622"]
[BlackElo "2774"]
[PlyCount "87"]
[EventDate "2015.10.10"]

1. e4 c5 2. Nf3 d6 3. Bb5+ Nd7 4. O-O a6 5. Bd3 Ngf6 6. Re1 b5 7. c4 g5 8. cxb5
g4 9. e5 dxe5 10. Ng5 Bg7 11. Qe2 O-O 12. Nc3 Nb6 13. bxa6 c4 14. Bc2 Bxa6 15.
Qxe5 h6 16. Nge4 Nfd5 17. Qf5 Bc8 18. Qh5 Nf4 19. Qc5 Bd4 20. Qc6 Be6 21. Nc5
Qd6 22. Qxd6 exd6 23. d3 Nxg2 24. Rxe6 fxe6 25. Nxe6 Bxc3 26. Nxf8 Ne1 27. Bd1
Bf6 28. Ne6 Nxd3 29. Bxg4 Nxc1 30. Rxc1 Rxa2 31. Nc7 Bxb2 32. Rc2 Ra1+ 33. Kg2
c3 34. Nb5 Na4 35. Nxd6 Re1 36. Be2 Nc5 37. Nb5 Ne4 38. Bf3 Ba1 39. Bxe4 Rxe4
40. Kf3 Rb4 41. Nd6 Kh7 42. Ke3 Kg6 43. f3 Rb2 44. Rxc3 1/2-1/2

[Event "World Championship (rapid) 2015"]
[Site "Berlin GER"]
[Date "2015.10.11"]
[Round "8"]
[White "Seirawan, Yasser"]
[Black "Rublevsky, Sergei"]
[Result "0-1"]
[WhiteElo "2620"]
[BlackElo "2702"]
[PlyCount "62"]
[EventDate "2015.10.10"]

1. d4 d5 2. c4 c6 3. cxd5 cxd5 4. Nc3 Nf6 5. Nf3 Nc6 6. Bf4 Bf5 7. e3 e6 8. Qb3
Bb4 9. Bb5 O-O 10. O-O Qe7 11. Bxc6 bxc6 12. Rfc1 c5 13. dxc5 Bxc5 14. Na4 Bd6
15. Bxd6 Qxd6 16. Nd4 Bg6 17. Rc6 Qe5 18. Rac1 Qh5 19. Qd1 Qh6 20. Nf3 Bh5 21.
Qd4 Bxf3 22. gxf3 Qg5+ 23. Kf1 Qh5 24. Kg2 e5 25. Qd1 Qg5+ 26. Kh1 Qh4 27. Kg2
d4 28. Nc5 Qg5+ 29. Kh1 dxe3 30. fxe3 Qxe3 31. Qd3 Qxc1+ 0-1

[Event "World Championship (rapid) 2015"]
[Site "Berlin GER"]
[Date "2015.10.11"]
[Round "8"]
[White "Inarkiev, Ernesto"]
[Black "Safarli, Eltaj"]
[Result "1-0"]
[WhiteElo "2660"]
[BlackElo "2657"]
[PlyCount "63"]
[EventDate "2015.10.10"]

1. d4 Nf6 2. c4 e6 3. Nf3 b6 4. g3 Ba6 5. Qc2 Be7 6. Bg2 c6 7. O-O O-O 8. b3 d5
9. Nbd2 Nbd7 10. e4 Rc8 11. Re1 c5 12. exd5 exd5 13. Bb2 dxc4 14. bxc4 Bb7 15.
d5 Ne8 16. Ne4 f5 17. Ned2 Nc7 18. Re2 Bf6 19. Rae1 Bxb2 20. Qxb2 Qf6 21. Qxf6
Nxf6 22. Re7 Rfd8 23. Ng5 Rd7 24. Rxd7 Nxd7 25. Re7 Nf8 26. d6 Bxg2 27. Kxg2
Na6 28. Ndf3 Nb8 29. Ne5 Nc6 30. Nxc6 Rxc6 31. Nf7 Ng6 32. Rc7 1-0

[Event "World Championship (rapid) 2015"]
[Site "Berlin GER"]
[Date "2015.10.11"]
[Round "8"]
[White "Zvjaginsev, Vadim"]
[Black "Andreikin, Dmitry"]
[Result "1/2-1/2"]
[WhiteElo "2660"]
[BlackElo "2720"]
[PlyCount "35"]
[EventDate "2015.10.10"]

1. e4 e6 2. d4 d5 3. Nd2 c5 4. exd5 Qxd5 5. Ngf3 cxd4 6. Bc4 Qd6 7. O-O Nf6 8.
Nb3 Nc6 9. Bg5 Bd7 10. Re1 Be7 11. Nbxd4 Nxd4 12. Qxd4 Qxd4 13. Nxd4 O-O-O 14.
Rad1 Bc5 15. Kf1 Ba4 16. Nf3 Rxd1 17. Rxd1 Rd8 18. Rxd8+ 1/2-1/2

[Event "World Championship (rapid) 2015"]
[Site "Berlin GER"]
[Date "2015.10.11"]
[Round "8"]
[White "Ponomariov, Ruslan"]
[Black "Ganguly, Surya Shekhar"]
[Result "0-1"]
[WhiteElo "2710"]
[BlackElo "2652"]
[PlyCount "132"]
[EventDate "2015.10.10"]

1. e4 e6 2. d4 d5 3. Nc3 Nf6 4. e5 Nfd7 5. f4 c5 6. Nf3 Nc6 7. Be3 Be7 8. Qd2
O-O 9. dxc5 Nxc5 10. O-O-O a6 11. Qf2 b6 12. Kb1 Qc7 13. Bd3 Nb4 14. Qg3 f5 15.
Qh3 Nbxd3 16. cxd3 a5 17. g4 Qd7 18. gxf5 exf5 19. Rhg1 Ba6 20. Qh6 Bd8 21. e6
Nxe6 22. Ne5 Qe8 23. Nxd5 Ra7 24. Rc1 Bxd3+ 25. Ka1 Be4 26. Nxb6 Rf6 27. Qh4
Nxf4 28. Bxf4 Rxb6 29. Rc8 Ra8 30. Qg3 g6 31. Rxa8 Bxa8 32. h4 Bd5 33. Qd3 Qb5
34. Qxb5 Rxb5 35. h5 Bb6 36. Rd1 gxh5 37. Nd7 Bf3 38. Rd3 Be2 39. Rd6 Bc7 40.
Nf6+ Kf7 41. Rd7+ Kxf6 42. Bxc7 Kg6 43. b3 h4 44. Rd6+ Kh5 45. Rd7 h6 46. Rd2
Bf3 47. Kb2 h3 48. a4 Rc5 49. Bh2 Kg4 50. b4 axb4 51. Kb3 Rd5 52. Rf2 Rd4 53.
a5 Bd5+ 54. Ka4 Bc6+ 55. Kb3 Bb5 56. Rc2 Re4 57. Rc5 Bf1 58. Rc6 Re2 59. a6 Bg2
60. Rg6+ Kh5 61. Rd6 Be4 62. Bf4 Kg4 63. Be5 h2 64. Bxh2 Rxh2 65. a7 Rh1 66.
Ka2 Rh3 0-1

[Event "World Championship (rapid) 2015"]
[Site "Berlin GER"]
[Date "2015.10.11"]
[Round "9"]
[White "Kovalenko, Igor"]
[Black "Kramnik, Vladimir"]
[Result "1/2-1/2"]
[WhiteElo "2700"]
[BlackElo "2777"]
[PlyCount "88"]
[EventDate "2015.10.10"]

1. d4 Nf6 2. Nf3 d5 3. c4 e6 4. Nc3 c5 5. cxd5 Nxd5 6. e4 Nxc3 7. bxc3 cxd4 8.
cxd4 Bb4+ 9. Bd2 Bxd2+ 10. Qxd2 O-O 11. Bc4 Nd7 12. O-O b6 13. Rfe1 Bb7 14.
Rad1 Rc8 15. Bb3 h6 16. Qf4 Qc7 17. Qh4 Rfd8 18. h3 b5 19. d5 exd5 20. e5 Re8
21. Qh5 a5 22. Rd4 a4 23. Bd1 Re6 24. Rf4 Nc5 25. Be2 Ne4 26. Bxb5 a3 27. Ba4
Rf8 28. Bb3 Qc5 29. Nh4 Qc3 30. Rexe4 dxe4 31. Rxf7 Rxf7 32. Bxe6 Qc1+ 33. Kh2
Qf4+ 34. Kh1 Bc8 35. Bb3 Qxf2 36. Ng6 Kh7 37. Nh4 Qf1+ 38. Kh2 Qf4+ 39. Kh1 Rf8
40. Qg6+ Kh8 41. Qd6 Qf1+ 42. Kh2 Qf4+ 43. Kh1 Qf1+ 44. Kh2 Qf4+ 1/2-1/2

[Event "World Championship (rapid) 2015"]
[Site "Berlin GER"]
[Date "2015.10.11"]
[Round "9"]
[White "Kryvoruchko, Yuriy"]
[Black "Onischuk, Alexander"]
[Result "1-0"]
[WhiteElo "2710"]
[BlackElo "2662"]
[PlyCount "79"]
[EventDate "2015.10.10"]

1. e4 e5 2. Nf3 Nc6 3. Bc4 Bc5 4. c3 Nf6 5. d4 exd4 6. e5 d5 7. Bb5 Ne4 8. cxd4
Bb6 9. Nc3 O-O 10. Be3 Bf5 11. O-O Ne7 12. Nh4 Be6 13. Bd3 c5 14. Bxe4 dxe4 15.
dxc5 Bc7 16. Nxe4 Qxd1 17. Rfxd1 Bxe5 18. Bd4 Bxd4 19. Rxd4 Nc6 20. Rd6 Rfe8
21. Nc3 Ne5 22. Nf3 Nxf3+ 23. gxf3 Bh3 24. Rad1 h6 25. f4 Rac8 26. b4 Rc6 27.
Nb5 Re6 28. R6d3 Rg6+ 29. Rg3 Rce6 30. Nd4 Re4 31. f3 Rxf4 32. Kf2 Rh4 33. Rxg6
fxg6 34. Kg3 g5 35. b5 Kf7 36. c6 bxc6 37. bxc6 Bc8 38. c7 Rf4 39. Nb5 Ke7 40.
Nxa7 1-0

[Event "World Championship (rapid) 2015"]
[Site "Berlin GER"]
[Date "2015.10.11"]
[Round "9"]
[White "Wojtaszek, Radoslaw"]
[Black "Ivanchuk, Vassily"]
[Result "0-1"]
[WhiteElo "2734"]
[BlackElo "2726"]
[PlyCount "66"]
[EventDate "2015.10.10"]

1. d4 Nf6 2. c4 g6 3. Nf3 Bg7 4. g3 c6 5. Bg2 d5 6. Nbd2 a5 7. b3 a4 8. Ba3 O-O
9. O-O Re8 10. e3 axb3 11. axb3 Bf5 12. Qe2 Nbd7 13. cxd5 cxd5 14. h3 e6 15. g4
Be4 16. g5 Bxf3 17. Bxf3 Nh5 18. Bxh5 gxh5 19. f4 Qb6 20. Bb2 Nf8 21. Qxh5 Ng6
22. Qe2 Ne7 23. Qd3 Nf5 24. Rxa8 Rxa8 25. Ra1 Rxa1+ 26. Bxa1 h6 27. gxh6 Bxh6
28. Kf2 Bf8 29. Bb2 Be7 30. Ke2 Qa5 31. Bc3 Qa2 32. Qb1 Qa6+ 33. Qd3 Ng3+ 0-1

[Event "World Championship (rapid) 2015"]
[Site "Berlin GER"]
[Date "2015.10.11"]
[Round "9"]
[White "Malakhov, Vladimir"]
[Black "Karjakin, Sergey"]
[Result "0-1"]
[WhiteElo "2694"]
[BlackElo "2762"]
[PlyCount "100"]
[EventDate "2015.10.10"]

1. e4 c5 2. Nf3 d6 3. d4 cxd4 4. Qxd4 a6 5. Be2 Nc6 6. Qe3 Nf6 7. c4 g6 8. h3
Bg7 9. Nc3 Nd7 10. O-O O-O 11. Bd2 Nde5 12. Rac1 Be6 13. b3 Nxf3+ 14. Bxf3 Nd4
15. Rfd1 b5 16. Nd5 Rc8 17. Be2 Bxd5 18. exd5 Qd7 19. Bf1 Qb7 20. Ba5 b4 21.
Qe1 Rb8 22. c5 Qxd5 23. Bxb4 Qg5 24. Kh1 Be5 25. Bd2 Qf5 26. Qe3 Ne6 27. cxd6
exd6 28. Bxa6 Nc5 29. Bf1 Ne4 30. f4 Bb2 31. Rb1 Bf6 32. Bd3 d5 33. Bxe4 dxe4
34. Be1 Rfc8 35. Rbc1 Rd8 36. Rxd8+ Rxd8 37. Bc3 Rd3 38. Qe1 Bxc3 39. Rxc3 Qxf4
40. Rc4 Re3 41. Qa1 f6 42. Qd1 Kg7 43. Kg1 Qg3 44. Qd7+ Kh6 45. Qd2 g5 46. Rc1
Rd3 47. Qf2 Qe5 48. Qc5 Rd1+ 49. Kf2 Qf4+ 50. Ke2 Qd2# 0-1

[Event "World Championship (rapid) 2015"]
[Site "Berlin GER"]
[Date "2015.10.11"]
[Round "9"]
[White "Mamedyarov, Shakhriyar"]
[Black "Onischuk, Vladimir"]
[Result "1-0"]
[WhiteElo "2736"]
[BlackElo "2612"]
[PlyCount "115"]
[EventDate "2015.10.10"]

1. d4 d6 2. c4 e5 3. Nc3 exd4 4. Qxd4 Nc6 5. Qd2 g6 6. b3 Bg7 7. Bb2 Nf6 8. g3
O-O 9. Bg2 Re8 10. Nh3 d5 11. cxd5 Bxh3 12. Bxh3 Nxd5 13. Nxd5 Bxb2 14. Rd1 Nd4
15. Qxb2 Qxd5 16. O-O Rad8 17. Bg2 Qe5 18. Kh1 Qxe2 19. Rd2 Qe5 20. Rfd1 c5 21.
Bxb7 Rd5 22. Qc3 Rd7 23. Bg2 Rd6 24. h3 h5 25. b4 cxb4 26. Qe3 Qxe3 27. fxe3
Rxe3 28. Rxd4 Rxd4 29. Rxd4 a5 30. g4 hxg4 31. hxg4 Re1+ 32. Kh2 Re2 33. a3
bxa3 34. Ra4 Re3 35. Rxa5 Kg7 36. Ra7 Kh6 37. Ra5 f6 38. Bf1 Re1 39. Kg2 Re3
40. Kf2 Rc3 41. Be2 Rb3 42. Bf3 Rc3 43. Kg3 f5 44. gxf5 gxf5 45. Kf4 Kg6 46.
Bd5 Kf6 47. Ra6+ Ke7 48. Kxf5 Re3 49. Kf4 Rc3 50. Ke5 Re3+ 51. Be4 Kd7 52. Ra7+
Kc8 53. Kd4 Rb3 54. Bd5 Rb1 55. Kc5 Rc1+ 56. Kd6 Rb1 57. Rg7 Kb8 58. Rg8+ 1-0

[Event "World Championship (rapid) 2015"]
[Site "Berlin GER"]
[Date "2015.10.11"]
[Round "9"]
[White "Gelfand, Boris"]
[Black "Ponkratov, Pavel"]
[Result "1/2-1/2"]
[WhiteElo "2741"]
[BlackElo "2604"]
[PlyCount "115"]
[EventDate "2015.10.10"]

1. d4 Nf6 2. Nf3 e6 3. c4 c5 4. d5 g6 5. Nc3 Bg7 6. e4 O-O 7. Be2 exd5 8. exd5
d6 9. O-O Bg4 10. h3 Bxf3 11. Bxf3 a6 12. Bf4 Qb6 13. Qc2 Nbd7 14. Rae1 Rfe8
15. Bd2 Rxe1 16. Rxe1 Re8 17. b3 Rxe1+ 18. Bxe1 Qd8 19. Bd2 Qe7 20. Qd1 Ne8 21.
Qe1 Kf8 22. Qxe7+ Kxe7 23. g4 Bd4 24. Kg2 Ng7 25. Bd1 h5 26. a4 hxg4 27. hxg4
Ne8 28. f4 Nc7 29. a5 Ne8 30. Kf3 Ng7 31. Ne2 Bf6 32. Bc2 Bb2 33. Ng3 Ne8 34.
Ne4 Nef6 35. Nf2 Bd4 36. Nd3 Ne8 37. Be1 Nef6 38. Nf2 Ne8 39. g5 Ng7 40. Ng4
Bb2 41. Nf2 Bd4 42. Nd1 Kf8 43. Ne3 Ke7 44. f5 Ne5+ 45. Ke2 gxf5 46. Nxf5+ Nxf5
47. Bxf5 Kd8 48. Bd2 Bb2 49. Kf2 Bd4+ 50. Kg3 Bb2 51. Kf4 Bd4 52. Ke4 Bb2 53.
Bh3 Bd4 54. Bf1 Ke7 55. b4 Bg1 56. b5 Bd4 57. Be2 Kd8 58. bxa6 1/2-1/2

[Event "World Championship (rapid) 2015"]
[Site "Berlin GER"]
[Date "2015.10.11"]
[Round "9"]
[White "Kasimdzhanov, Rustam"]
[Black "Svidler, Peter"]
[Result "1/2-1/2"]
[WhiteElo "2704"]
[BlackElo "2727"]
[PlyCount "61"]
[EventDate "2015.10.10"]

1. e4 c5 2. Nf3 e6 3. d4 cxd4 4. Nxd4 Nc6 5. Nc3 d6 6. Nxc6 bxc6 7. Bd3 Nf6 8.
O-O Be7 9. Qe2 Nd7 10. Bf4 O-O 11. Rfe1 Nc5 12. Bc4 Bg5 13. Bxg5 Qxg5 14. Rad1
Qe7 15. Qe3 a5 16. Rd2 Ba6 17. Bxa6 Rxa6 18. Red1 Nb7 19. Na4 Qc7 20. c4 Raa8
21. Rd3 h6 22. Rb3 Rfb8 23. h3 f6 24. Rbd3 Rd8 25. h4 Rab8 26. h5 Rd7 27. c5 d5
28. exd5 exd5 29. Re1 Kf8 30. Qd2 Re8 31. Rxe8+ 1/2-1/2

[Event "World Championship (rapid) 2015"]
[Site "Berlin GER"]
[Date "2015.10.11"]
[Round "9"]
[White "Bacrot, Etienne"]
[Black "Khismatullin, Denis"]
[Result "1/2-1/2"]
[WhiteElo "2697"]
[BlackElo "2651"]
[PlyCount "114"]
[EventDate "2015.10.10"]

1. d4 Nf6 2. c4 e6 3. Nf3 d5 4. Nc3 Nbd7 5. Bf4 dxc4 6. e3 a6 7. a4 Bd6 8. Bxd6
cxd6 9. Bxc4 O-O 10. O-O b6 11. d5 e5 12. Nd2 Bb7 13. e4 Qe7 14. Re1 Rfc8 15.
Bf1 a5 16. Bb5 Ba6 17. Bc6 Rab8 18. Nb5 Nc5 19. Ra3 g6 20. Qb1 Nxa4 21. Rxa4
Rxc6 22. dxc6 Bxb5 23. Ra3 Bxc6 24. Rc3 Bb5 25. Qc2 Rb7 26. Rc8+ Kg7 27. Rc1 d5
28. exd5 Nxd5 29. Qb3 Ba6 30. Ra8 Nf4 31. Re1 Qg5 32. Qf3 Nxg2 33. Qxg2 Qxd2
34. Qe4 Bc4 35. Qxe5+ f6 36. Qe3 Qxb2 37. Qe8 Qb4 38. Re3 Qb1+ 39. Re1 Qb4 40.
Re3 g5 41. Qh8+ Kg6 42. Qe8+ Bf7 43. Qc6 Qg4+ 44. Qg2 Qd1+ 45. Qf1 Rd7 46. Rc8
a4 47. Rc6 Qg4+ 48. Rg3 Qe4 49. Rxb6 Qc2 50. Rxg5+ Kxg5 51. Qg2+ Kh6 52. Qh3+
Kg6 53. Qg4+ Kh6 54. Qf4+ Kh5 55. Qf3+ Kh6 56. Qf4+ Kh5 57. Qf3+ Kh6 1/2-1/2

[Event "World Championship (rapid) 2015"]
[Site "Berlin GER"]
[Date "2015.10.11"]
[Round "9"]
[White "Guseinov, Gadir"]
[Black "Riazantsev, Alexander"]
[Result "0-1"]
[WhiteElo "2634"]
[BlackElo "2646"]
[PlyCount "176"]
[EventDate "2015.10.10"]

1. e4 c6 2. d4 d5 3. Nd2 dxe4 4. Nxe4 Bf5 5. Ng3 Bg6 6. h4 h6 7. Nf3 Nd7 8. h5
Bh7 9. Bd3 Bxd3 10. Qxd3 e6 11. Bd2 Ngf6 12. O-O-O Bd6 13. Rde1 Qc7 14. Nf5 Bf8
15. Ne3 O-O-O 16. Nc4 c5 17. Rh4 Nd5 18. Nce5 Nxe5 19. Nxe5 Bd6 20. Qf3 Rhf8
21. Qe2 Kb8 22. dxc5 Bxc5 23. Kb1 Bd6 24. Nd3 Ka8 25. Rg4 Rg8 26. Qf3 Rc8 27.
Rc1 f5 28. Rg6 Qf7 29. Qe2 Nf6 30. f3 Nxh5 31. Qxe6 Qxe6 32. Rxe6 Bb8 33. Bc3
Nf4 34. Nxf4 Bxf4 35. Rd1 g6 36. Rd4 Bg3 37. Bd2 h5 38. f4 Rce8 39. Rdd6 b6 40.
c3 g5 41. Kc2 Bxf4 42. Rxe8+ Rxe8 43. Bxf4 gxf4 44. Kd3 Rg8 45. Rh6 Rg3+ 46.
Kd4 Rxg2 47. Rxh5 Rxb2 48. Rxf5 Rxa2 49. Rxf4 Kb7 50. Rf7+ Kc6 51. Kc4 a5 52.
Rf6+ Kb7 53. Kb3 Rh2 54. Rf5 Ka6 55. Rf8 Rh4 56. Rf5 a4+ 57. Ka3 b5 58. Rf8 Rc4
59. Kb2 Re4 60. Ka3 Rc4 61. Kb2 Rc6 62. Rh8 Kb6 63. Rb8+ Kc5 64. Rh8 Rd6 65.
Rc8+ Kd5 66. Rb8 Kc5 67. Rc8+ Rc6 68. Rh8 Re6 69. Rc8+ Kd5 70. Rb8 Re2+ 71. Ka3
Kc6 72. Rc8+ Kb7 73. Rc5 Kb6 74. Rc8 Rc2 75. Rb8+ Kc5 76. Rc8+ Kd5 77. Kb4 Rb2+
78. Ka3 Rb3+ 79. Ka2 Ke4 80. Rc5 Kd3 81. Ka1 Kd2 82. Ka2 Kc2 83. Rh5 Kxc3 84.
Rh3+ Kb4 85. Rxb3+ axb3+ 86. Kb2 Ka4 87. Kb1 Ka3 88. Ka1 b2+ 0-1

[Event "World Championship (rapid) 2015"]
[Site "Berlin GER"]
[Date "2015.10.11"]
[Round "9"]
[White "Rublevsky, Sergei"]
[Black "Mamedov, Rauf"]
[Result "0-1"]
[WhiteElo "2702"]
[BlackElo "2657"]
[PlyCount "82"]
[EventDate "2015.10.10"]

1. e4 c5 2. Nf3 d6 3. Bb5+ Bd7 4. Bxd7+ Qxd7 5. c4 Nf6 6. Nc3 g6 7. d4 cxd4 8.
Qxd4 Nc6 9. Qd3 Bg7 10. h3 O-O 11. O-O Rfc8 12. Rb1 Qd8 13. b3 Qa5 14. Bb2 Nd7
15. Nd5 Bxb2 16. Rxb2 e6 17. Ne3 Nde5 18. Qe2 Qc5 19. Rd2 a5 20. Rfd1 Rd8 21.
Nxe5 dxe5 22. Rxd8+ Rxd8 23. Rxd8+ Nxd8 24. Qd2 Nc6 25. Qd7 b6 26. h4 Kg7 27.
g3 Nb4 28. h5 gxh5 29. Qd1 Qd4 30. Qxh5 Qxe4 31. Ng4 Kf8 32. Qh6+ Ke7 33. Qf6+
Ke8 34. Nxe5 Qb1+ 35. Kg2 Qe4+ 36. f3 Qc2+ 37. Kh3 Qf5+ 38. Qxf5 exf5 39. a4 f6
40. c5 fxe5 41. cxb6 Kd7 0-1

[Event "World Championship (rapid) 2015"]
[Site "Berlin GER"]
[Date "2015.10.11"]
[Round "9"]
[White "Matlakov, Maxim"]
[Black "Aronian, Levon"]
[Result "1/2-1/2"]
[WhiteElo "2689"]
[BlackElo "2784"]
[PlyCount "97"]
[EventDate "2015.10.10"]

1. Nf3 d5 2. d4 Nf6 3. c4 e6 4. g3 Bb4+ 5. Bd2 Be7 6. Bg2 Nbd7 7. Qc2 c6 8. O-O
O-O 9. Rd1 b6 10. Bf4 Ba6 11. Ne5 Rc8 12. cxd5 cxd5 13. Nc6 Bb5 14. Nxe7+ Qxe7
15. Nc3 a5 16. Rac1 Ba6 17. Qd2 h6 18. h3 Rfd8 19. Rc2 Ne8 20. Rdc1 g5 21. Be3
Nd6 22. b3 Nf5 23. g4 Nxe3 24. Qxe3 Qd6 25. Nb5 Qf4 26. Rxc8 Rxc8 27. Rxc8+
Bxc8 28. Qc3 Qb8 29. Qc6 Nf6 30. Nc7 Bd7 31. Qd6 a4 32. bxa4 Bxa4 33. Qe7 Nd7
34. Nxe6 fxe6 35. Qxe6+ Kg7 36. Bxd5 Qf8 37. e4 Nf6 38. Bb7 Qb4 39. e5 Ne4 40.
Qf5 Nc3 41. Qf6+ Kh7 42. Qf7+ Kh8 43. Qf6+ Kh7 44. Bc8 Ne2+ 45. Kh2 Nxd4 46.
Qf7+ Kh8 47. Qf6+ Kh7 48. Qf7+ Kh8 49. Qf6+ 1/2-1/2